000 00553nam a2200193 a 4500
001 1767414372714
003 YourLibrary
005 20260103103043.0
008 260103s1996##################000#0#eng##
020 _a9780700704521
082 0 4 _a297.4092
_bRAD
100 1 _aal-Tirmidhī, Muḥammad ibn ʻAlī Ḥakīm,
_eauthor.
245 1 0 _aThe Concept of Sainthood in Early Islamic Mysticism :
260 _bPsychology Press,
_c1996.
300 _a298 pages
650 0 _aReligion.
942 _cENGLISH
040 _aYourLibrary
_beng
_cYourLibrary
999 _c607039
_d607039